A short history of Laos : the land in between /

Bibliographic Details
Main Author: Evans, Grant, 1948-2014
Corporate Author: NetLibrary, Inc
Format: eBook
Language:English
Published: Crows Nest NSW, Australia : Allen & Unwin, 2002.
Series:Short history of Asia series.
Subjects:
Online Access:Connect to the full text of this electronic book

MARC

Tag First Indicator Second Indicator Subfields
LEADER 00000cam a2200000Ia 4500
001 in00002002105
005 20220105141432.0
006 m d
007 cr cn-
008 030812s2002 at abf sb 001 0 eng d
020 |a 1741150531 (electronic bk.) 
035 |a (OCoLC)ocm52831186 
040 |a N$T  |c N$T  |d UtOrBLW 
043 |a a-ls--- 
049 |a IKMN 
050 1 4 |a DS555.5  |b .E93 2002eb 
082 0 4 |a 959.4  |2 22 
100 1 |a Evans, Grant,  |d 1948-2014.  |0 http://id.loc.gov/authorities/names/n83301722 
245 1 2 |a A short history of Laos :  |b the land in between /  |c Grant Evans. 
246 3 0 |a Laos 
264 1 |a Crows Nest NSW, Australia :  |b Allen & Unwin,  |c 2002. 
300 |a xvi, 251 pages, 4 unnumbered pages of plates :  |b illustrations (some color), maps (1 color) 
336 |a text  |b txt  |2 rdacontent 
337 |a computer  |b c  |2 rdamedia 
338 |a online resource  |b cr  |2 rdacarrier 
490 1 |a Short history of Asia series 
504 |a Includes bibliographical references (pages 237-240) and index. 
533 |a Electronic reproduction.  |b Boulder, Colo. :  |c NetLibrary,  |d 2003.  |n Available via World Wide Web.  |n Access may be limited to NetLibrary affiliated libraries.  |n Excludes some or all of the images which were part of the original book. 
500 |a Electronic resource. 
651 0 |a Laos  |x History.  |0 http://id.loc.gov/authorities/subjects/sh85074653 
655 7 |a Electronic books.  |2 local 
710 2 |a NetLibrary, Inc.  |0 http://id.loc.gov/authorities/names/no99080690 
776 1 |c Original  |z 1864489979  |w (DLC) 2003269528  |w (OCoLC)52312494 
830 0 |a Short history of Asia series.  |0 http://id.loc.gov/authorities/names/no2003040768 
856 4 1 |u https://proxy.library.tamu.edu/login?url=http://www.netLibrary.com/urlapi.asp?action=summary&v=1&bookid=87648  |z Connect to the full text of this electronic book  |t 0 
994 |a 92  |b IKM 
999 |a MARS 
999 f f |s 5a092157-af32-3bc4-90c9-87fe73c274f6  |i 33177573-6a0e-3c9b-b868-3d8619029e7a  |t 0 
952 f f |a Texas A&M University  |b College Station  |c Electronic Resources  |d Available Online  |t 0  |e DS555.5 .E93 2002eb  |h Library of Congress classification 
998 f f |a DS555.5 .E93 2002eb  |t 0  |l Available Online